Long Words - Sudden Death - Statistics

General Stats
  • This quiz has been taken 29 times
  • The average score is 5 of 14
Answers on the Grid
Answers color-coded by a green-red scale on the quiz's grid according to % correct below.
hippopotomontrosesquippedaliophobia
thermomagnesiatmophysics
dendrohydrochronology
pneumonoultramicroscopicsilicovolcanoconiosis
fraligisticexposupermnemosquippeffectis
antidisestablishmentarianism
christoabolitimisogynisticism
thyroparathyroidectomized
preduorelationisticcinemanuancois
neohomoaframericanusphilia
floccinaucinihilipilification
honorificabilitudinitabitus
hypernitrocarbonvascularitis
pseudopseudohypoparathryoidism
medisquipperepititionism
patrojupiterxenoromantheism
nouevregonagivuwuppism
otorhinolaryngological
optioptoxxanxxconditionalism
dentakhylsnervitiscommonism
dichlorodifluoromethane
psychoneuroendocrinological
spectrophotofluorometrically
dichlorodiphenyltrichloroethane
purgeriphiliotestimonialism
chronoantiveritasgreyality
laryngeotracheobronchitis
misoantinobiligraphism
philiomortoignorancism
hexakosioihexekontahexaphobia
 
Answer Stats
Answer % Correct
hippopotomontrosesquippedaliophobia
85%
pneumonoultramicroscopicsilicovolcanoconiosis
60%
antidisestablishmentarianism
45%
pseudopseudohypoparathryoidism
45%
floccinaucinihilipilification
35%
psychoneuroendocrinological
35%
spectrophotofluorometrically
30%
dichlorodifluoromethane
25%
thyroparathyroidectomized
25%
honorificabilitudinitabitus
20%
otorhinolaryngological
15%
dichlorodiphenyltrichloroethane
10%
hexakosioihexekontahexaphobia
10%
laryngeotracheobronchitis
10%
No matching quizzes found
Score Distribution
Percent of People with Each Score
Percentile by Number Answered
Your Score History
You have not taken this quiz